Majetkovoprávne vysporiadanie Nového cintorína v Stupave

Saved in:
Bibliographic Details
Main Author: Huray, Martin, 1989- (Author)
Other Authors: Geisse, Robert, 1972- (Thesis advisor)
Format: Manuscript Book
Language:English
Published: Bratislava : STU v Bratislave SvF, 2014
Subjects:
Online Access:VAIS
Tags: Add Tag
No Tags, Be the first to tag this record!

MARC

LEADER 00000ntm a22000003a 4500
001 stu297538
005 20150617230309.7
008 140919s2014----xo------------------eng-d
040 |a STU  |b slo 
041 0 |a eng 
044 |a xo 
100 1 |a Huray, Martin,  |d 1989-  |4 aut  |u V  |T SvF Stavebná fakulta  |X 57994  |U V  |Y 10  |7 A000057994 
242 0 0 |a Property-right settlement of the Nový cintorín (New cemetery) in Stupava  |y eng 
245 1 |a Majetkovoprávne vysporiadanie Nového cintorína v Stupave 
260 |a Bratislava :  |b STU v Bratislave SvF,  |c 2014 
650 7 |a geodézia a kartografia  |2 stusub 
650 7 |a Geodesy and Cartography  |2 estusub 
700 1 |a Geisse, Robert,  |d 1972-  |4 ths  |u V210  |U SvF Stavebná fakulta  |T SvF Katedra mapovania a pozemkových úprav  |X 886  |U V210  |Y 22  |7 A000000886 
856 4 |a info a plný text  |u http://is.stuba.sk/zp/portal_zp.pl?podrobnosti=100459  |3 VAIS